000 00554nam a2200217Ia 4500
001 12095
003 GE_BSU
008 181216s||||||||xx |||||||||||||| ||und||
020 _a9788120769212
040 _cGE_BSU
080 _a338.48
100 _aBhatia,A.K.
245 4 _aThe Business of Travel Agency & Tour Operations Management.
260 _bSterling
260 _c2012
300 _a304p.24cm.
300 _eBibliogr. p.245-300
541 _h36Gel.
653 _aThe Business of Travel Agency & Tour Operations Management.
942 _cBK
999 _c45271
_d45271